| 000 | 00783nam a22002177a 4500 | ||
|---|---|---|---|
| 005 | 20251108165355.0 | ||
| 008 | 250721s1975 xx 000 0 ara d | ||
| 082 | 1 | 4 | _aم/922.13/حجر |
| 100 | 1 | _aالعسقلاني، أحمد بن علي إبن حجر | |
| 245 | 1 | 0 | _aتقريب التهذيب / |
| 250 | _aط2 | ||
| 264 | 1 |
_aبيروت : _bدار المعرفة للطباعة و النشر، _c1975. |
|
| 300 | _a2ج | ||
| 500 | _aتقريب التهذيب مختصر لكتاب تهذيب التهذيب و التهذيب مختصر لكتاب الكمال ... | ||
| 650 | 1 | 7 | _aالمحدثون |
| 650 | 1 | 7 | _aرجال الحديث |
| 650 | 1 | 7 | _aالتراجم |
| 700 | 1 |
_aعبد اللطيف، عبد الوهاب _eتحقيق |
|
| 942 |
_2ddc _cREF |
||
| 999 |
_c26355 _d26355 |
||